| 000 | 00805cam a2200193 4500 | ||
|---|---|---|---|
| 001 | WB3707-34 | ||
| 008 | 000000n2001 000 0 eng u | ||
| 035 | _a(Sirsi) u110924 | ||
| 245 | _aTechnical benchmarks | ||
| 260 | _c2001 | ||
| 490 |
_aFarmers' Weekly _v134(6) 9 February 2001, 51(1) |
||
| 520 | _aA new MAFF project aims to boost arable profits by providing technical benchmarks in 12 key production areas, allowing growers to assess their progress and focus on improvements. The programme aims to open an extensive library of arable research and growers will be encouraged to analyse their work and make changes as necessary. | ||
| 590 | _aWB | ||
| 650 | _aBENCHMARKING | ||
| 650 | _aARABLE FARMING | ||
| 650 | _aFARM MANAGEMENT | ||
| 690 | _aRURAL-AGRICULTURE AND FORESTRY | ||
| 942 | _n0 | ||
| 999 |
_c66116 _d66116 |
||